000
00213 a2200097 4500
001
44530
100
_a
Houghton
245
_a
Workshop Practice
260
_a
London
_b
Technical Press Ltd
_c
090
_c
28251
_d
28251
942
_a
NUST-CAE
_c
M
_c
20282
999
_c
279603
_d
279603